[Event "Medellin Flores op 30th"]
[Site "Medellin"]
[Date "2023.08.05"]
[Round "4"]
[White "Jimenez Jaramillo, Jhoyner"]
[Black "Munoz Triana, Joseph Steve"]
[Result "1-0"]
[WhiteElo "1843"]
[BlackElo "1987"]
[PlyCount "95"]
[EventDate "2023.08.03"]
[EventType "swiss"]
[EventRounds "9"]
[EventCountry "COL"]
[SourceTitle "EXT 2024"]
[Source "ChessBase"]
[SourceDate "2023.10.10"]
[SourceVersion "1"]
[SourceVersionDate "2023.10.10"]
[SourceQuality "1"]

1. c4 e5 2. Nc3 Nc6 3. Nf3 f5 4. d4 e4 5. Ng5 Nf6 6. h4 Bb4 7. e3 d6 8. Nh3 0-0 9. Bd2 Ne7 10. Nf4 c5 11. Qb3 Nc6 12. a3 Ba5 13. dxc5 dxc5 14. 0-0-0 Ng4 15. Be1 Qe8 16. Be2 Bxc3 17. Qxc3 Nge5 18. Rd5 Qe7 19. Rh3 Bd7 20. Rg3 Rad8 21. h5 Rf6 22. Qb3 Be6 23. Bc3 Bxd5 24. Nxd5 Qf7 25. Nxf6+ Qxf6 26. Qxb7 f4 27. exf4 Qxf4+ 28. Kb1 Rd7 29. Qc8+ Qf8 30. Qxf8+ Kxf8 31. Re3 Nd3 32. Rxe4 Nxf2 33. Rf4+ Rf7 34. Rxf7+ Kxf7 35. Bf3 Nd4 36. Bxd4 cxd4 37. Kc2 g5 38. hxg6+ hxg6 39. c5 g5 40. b4 g4 41. Bd5+ Kf6 42. b5 Ke5 43. Bc6 g3 44. Bf3 d3+ 45. Kd2 Ke6 46. b6 axb6 47. cxb6 Kd6 48. a4 1-0

[Event "Medellin Flores op 30th"]
[Site "Medellin"]
[Date "2023.08.04"]
[Round "2"]
[White "Lizarazo, Alba Patricia"]
[Black "Jimenez Jaramillo, Jhoyner"]
[Result "0-1"]
[WhiteElo "1553"]
[BlackElo "1843"]
[PlyCount "82"]
[EventDate "2023.08.03"]
[EventType "swiss"]
[EventRounds "9"]
[EventCountry "COL"]
[SourceTitle "EXT 2024"]
[Source "ChessBase"]
[SourceDate "2023.10.10"]
[SourceVersion "1"]
[SourceVersionDate "2023.10.10"]
[SourceQuality "1"]

1. e4 c5 2. c3 Nf6 3. e5 Nd5 4. d4 cxd4 5. cxd4 d6 6. Bc4 Be6 7. Qb3 Nc7 8. Bxe6 Nxe6 9. Nf3 Nc6 10. d5 Nc5 11. Qc4 Nb4 12. 0-0 Nba6 13. b4 Na4 14. e6 fxe6 15. dxe6 Qc8 16. Qb5+ Qc6 17. Qxc6+ bxc6 18. a3 Nc7 19. Re1 Nb5 20. Be3 g6 21. Nd4 Bg7 22. Nxb5 cxb5 23. Ra2 Rc8 24. Bxa7 0-0 25. g3 Rc7 26. Be3 Rfc8 27. Kg2 Bb2 28. Bh6 Rc2 29. Re4 d5 30. Rf4 R2c6 31. Nd2 Rxe6 32. Nf3 Re4 33. Rxe4 dxe4 34. Ne1 Kf7 35. h4 Ke6 36. f3 Kd5 37. fxe4+ Kxe4 38. Kf1 Rc3 39. Bg7 e5 40. Kf2 Rb3 41. Rxb2 Rxb2+ 0-1

[Event "Sabaneta op-B 2nd"]
[Site "Sabaneta Antioquia"]
[Date "2023.06.30"]
[Round "5"]
[White "Jimenez Jaramillo, Jhoyner"]
[Black "Negron Lizarazo, Juan Sebastian"]
[Result "1-0"]
[WhiteElo "1854"]
[BlackElo "1555"]
[PlyCount "87"]
[EventDate "2023.06.28"]
[EventType "swiss"]
[EventRounds "9"]
[EventCountry "COL"]
[SourceTitle "EXT 2024"]
[Source "ChessBase"]
[SourceDate "2023.10.10"]
[SourceVersion "1"]
[SourceVersionDate "2023.10.10"]
[SourceQuality "1"]

1. e4 c5 2. Nf3 d6 3. Bb5+ Bd7 4. Bxd7+ Nxd7 5. 0-0 Ngf6 6. Re1 g6 7. c3 Bg7 8. d4 cxd4 9. cxd4 0-0 10. Nc3 a6 11. e5 Ne8 12. Bg5 dxe5 13. dxe5 Nc7 14. Nd5 Nxd5 15. Qxd5 Nxe5 16. Rxe5 Bxe5 17. Qxe5 f6 18. Qe6+ Kg7 19. Bf4 Rf7 20. Bh6+ Kg8 21. Rc1 Qe8 22. Nd2 Rd8 23. Ne4 Qc6 24. Qxc6 bxc6 25. h4 Rc8 26. Nc5 e5 27. Nxa6 Rb7 28. Rc2 Kf7 29. Be3 Rd7 30. Nc5 Rd1+ 31. Kh2 f5 32. g3 Ke7 33. a4 Ra1 34. Rd2 Rc7 35. Bg5+ Kf7 36. Re2 e4 37. Rd2 Ra2 38. Kg2 Ra7 39. Kf1 Ra1+ 40. Ke2 Kg7 41. Be3 Re7 42. b3 Ra3 43. Bd4+ Kf7 44. Kd1 1-0